Filme und Serien an Zitaten eraten - Statistiken

Allgemein
  • Dieses Quiz wurde 260 mal gespielt
  • Das Durchschnittsergebnis liegt bei 4 aus 10
Antwortstatistiken
Zitat Antwort % Korrekt
,,Hakuna Matata" König der Löwen
91%
"Ich bin der König der Welt!" Titanic
78%
,,Flieht ihr Narren" Herr der Ringe Die Gefährten
56%
,,Ich mache Ihnen ein Angebot das sie nicht Ablehnen können " Der Pate
55%
,,Tue es oder tue es nicht. Es gibt kein Versuchen.". Star Wars Folge 5
43%
,,Nun bin ich zum Tod geworden. Zum Zerstörer der Welten" Oppenheimer
24%
Wenn,wir es hetzt tun, woher wissen wir dann, dass es diesmal anders ausgeht als das letztes Mal?" Avengers: Endgame
18%
,,Chaos ist eine Leiter" Game of trohnes
16%
„Ich spür die Gier, die Gier nach Tempo in mir!” Top gun
11%
,,Guter Regen weiß, wann der beste Zeitpunkt zum Fallen ist.“ Squid game
0%
Keine übereinstimmenden Quizze gefunden
Verteilung der Resultate
Anzahl Personen mit jedem Resultat
Perzentil nach korrekt beantworteten Fragen
Ihre Resultats-Entwicklung
Sie haben dieses Quiz noch nicht gespielt